[Event "Quebec-ch U16"]
[Site "Montreal"]
[Date "2011.11.26"]
[Round "3"]
[White "Nikulich, Oleksandr"]
[Black "Zvionow, Yigal"]
[Result "1-0"]
[WhiteElo "1832"]
[BlackElo "1394"]
[PlyCount "67"]
[EventDate "2011.11.25"]
[EventType "swiss"]
[EventRounds "5"]
[EventCountry "CAN"]
[SourceTitle "EXT 2022"]
[Source "ChessBase"]
[SourceDate "2021.10.06"]
[SourceVersion "1"]
[SourceVersionDate "2021.10.06"]
[SourceQuality "1"]

1. e4 Nc6 2. Nf3 b6 3. d4 e6 4. c3 g6 5. Bd3 d6 6. 0-0 Bg7 7. Bf4 d5 8. Re1 dxe4 9. Bxe4 Bb7 10. Ne5 Nge7 11. Qa4 Bxe5 12. Bxe5 0-0 13. Bf6 Qd7 14. Bxe7 Nb8 15. Qxd7 Nxd7 16. Bxb7 Rab8 17. Bxf8 Kxf8 18. Bc6 Nf6 19. Nd2 a6 20. Ne4 Kg7 21. Nxf6 Kxf6 22. Re3 b5 23. b4 Rb6 24. d5 exd5 25. Bxd5 Rd6 26. Rf3+ Kg7 27. Rxf7+ Kh6 28. Bf3 c6 29. h4 g5 30. Be4 gxh4 31. f4 Kh5 32. Bf5 h6 33. Rg7 h3 34. g3 1-0